Albert Einstein, his work and its influence on our world. (Запис № 466529)

МАРК-запис
000 -LEADER
fixed length control field 01562cam a22003611 4500
001 - CONTROL NUMBER
control field alberteinsteinhi00infe
003 - CONTROL NUMBER IDENTIFIER
control field CaSfIA
005 - DATE AND TIME OF LATEST TRANSACTION
control field 20210117182553.0
007 - PHYSICAL DESCRIPTION FIXED FIELD--GENERAL INFORMATION
fixed length control field cr||||
008 - FIXED-LENGTH DATA ELEMENTS--GENERAL INFORMATION
fixed length control field 730220s1950 nyu b 000 0beng
010 ## - LIBRARY OF CONGRESS CONTROL NUMBER
LC control number 50005314
040 ## - CATALOGING SOURCE
Original cataloging agency DLC
Transcribing agency DLC
Modifying agency ITD
-- CHS
-- OCL
-- OCLCQ
-- BTCTA
-- OCLCG
-- CaSfIA
035 ## - SYSTEM CONTROL NUMBER
System control number (OCoLC)996961
050 00 - LIBRARY OF CONGRESS CALL NUMBER
Classification number QC16.E5
Item number I5
082 00 - DEWEY DECIMAL CLASSIFICATION NUMBER
Classification number 925.3
096 ## - LOCALLY ASSIGNED NLM-TYPE CALL NUMBER (OCLC)
Classification number WZ 100 E35i 1950
029 1# - (OCLC)
OCLC library identifier NZ1
System control number 5375634
029 1# - (OCLC)
OCLC library identifier AU@
System control number 000000633763
029 1# - (OCLC)
OCLC library identifier AU@
System control number 000027505704
100 1# - MAIN ENTRY--PERSONAL NAME
Personal name Infeld, Leopold,
Dates associated with a name 1898-1968.
245 10 - TITLE STATEMENT
Title Albert Einstein, his work and its influence on our world.
Medium [electronic resource]
260 ## - PUBLICATION, DISTRIBUTION, ETC. (IMPRINT)
Place of publication, distribution, etc New York,
Name of publisher, distributor, etc Scribner,
Date of publication, distribution, etc 1950.
300 ## - PHYSICAL DESCRIPTION
Extent vi, 132 p. (Twentieth century library)
504 ## - BIBLIOGRAPHY, ETC. NOTE
Bibliography, etc Bibliography: p. 127.
506 ## - RESTRICTIONS ON ACCESS NOTE
Standardized terminology for access restriction Необхідна авторизація на https://archive.org/ (створення облікового запису безкоштовно)
506 ## - RESTRICTIONS ON ACCESS NOTE
Standardized terminology for access restriction Необхідна авторизація на https://openlibrary.org/ (створення облікового запису безкоштовно)
600 10 - SUBJECT ADDED ENTRY--PERSONAL NAME
Personal name Einstein, Albert,
Dates associated with a name 1879-1955.
650 #2 - SUBJECT ADDED ENTRY--TOPICAL TERM
Topical term or geographic name as entry element Science
Form subdivision Biography.
856 41 - ELECTRONIC LOCATION AND ACCESS
Uniform Resource Identifier <a href="http://www.archive.org/details/alberteinsteinhi00infe">http://www.archive.org/details/alberteinsteinhi00infe</a>
Public note Free eBook from the Internet Archive
856 42 - ELECTRONIC LOCATION AND ACCESS
Uniform Resource Identifier <a href="http://www.openlibrary.org/books/OL6067510M">http://www.openlibrary.org/books/OL6067510M</a>
Public note Additional information and access via Open Library
942 ## - ADDED ENTRY ELEMENTS (KOHA)
Koha item type ЕКнига

Немає доступних примірників.